书目信息 |
| 题名: |
数学建模
|
|
| 作者: | 杨启帆 , 何勇 , 谈之奕 编著 | |
| 分册: | ||
| 出版信息: | 杭州 浙江大学 2006.06 |
|
| 页数: | 371页 | |
| 开本: | 26cm | |
| 丛书名: | ||
| 单 册: | ||
| 中图分类: | O141.4 | |
| 科图分类: | ||
| 主题词: | 数理逻辑 , 数学基础 | |
| 电子资源: | ||
| ISBN: | 7-308-02139 | |
| 000 | 00770nam0 2200277 45 | |
| 001 | 010453787656 | |
| 005 | 20061220153424.23 | |
| 010 | @a7-308-02139@dCNY28.00 | |
| 100 | @a20060910d2006 ekmy0 y0120 ea | |
| 102 | @aCN@b130000 | |
| 102 | @aCN@b330000 | |
| 105 | @ay z 000yy | |
| 200 | 1 | @a数学建模@f杨启帆,谈之奕,何勇编著@Fyang qi fan,tan zhi yi,he yong bian zhu |
| 205 | @a第2版 | |
| 210 | @a杭州@c浙江大学@d2006.06 | |
| 215 | @a371页@d26cm | |
| 300 | @a普通高等学校"十五"国家级规划教材 | |
| 606 | 0 | @a数理逻辑 |
| 606 | 0 | @a数学基础 |
| 690 | @aO141.4@v3 | |
| 701 | 0 | @a杨启帆@Ayang qi fan@4编著 |
| 701 | 0 | @a何勇@Ahe yong@4编著 |
| 701 | 0 | @a谈之奕@Atan zhi yi@4编著 |
| 801 | 0 | @aCN@c20061220 |
| 905 | @dO141.4@eY2411 | |
| 906 | @dCNY28.00@n5@r1 | |
| 数学建模/杨启帆,谈之奕,何勇编著.-第2版.-杭州:浙江大学,2006.06 |
| 371页;26cm |
| 普通高等学校"十五"国家级规划教材 |
| ISBN 7-308-02139:CNY28.00 |
| ● |
| 相关链接 |
|
|
|
正题名:数学建模
索取号:O141.4/Y2411
 
预约/预借
| 序号 | 登录号 | 条形码 | 馆藏地/架位号 | 状态 | 备注 |
| 1 | 229092 | 202290920 | 自科库401/ [索取号:O141.4/Y2411] | 在馆 | |
| 2 | 229093 | 202290939 | 数理学院资料室/ [索取号:O141.4/Y2411] | 在馆 | |
| 3 | 229094 | 202290948 | 自科库401/401自科库 40排3列4层/ [索取号:O141.4/Y2411] | 在馆 | |
| 4 | 229095 | 202290957 | 社科二线400B/400B社科库 33排3列4层/ [索取号:O141.4/Y2411] | 在馆 | |
| 5 | 229096 | 202290966 | 自科二线504/504自科库 50排2列4层/ [索取号:O141.4/Y2411] | 在馆 | |
| 6 | 443557 | 204435575 | 数理学院资料室/ [索取号:O141.4/Y2411] | 在馆 | |
| 7 | 443558 | 204435584 | 数理学院资料室/ [索取号:O141.4/Y2411] | 在馆 | |
| 8 | 443559 | 204435593 | 数理学院资料室/ [索取号:O141.4/Y2411] | 在馆 | |
| 9 | 443560 | 204435600 | 数理学院资料室/ [索取号:O141.4/Y2411] | 在馆 | |
| 10 | 443565 | 204435655 | 自科库401/401自科库 40排3列4层/ [索取号:O141.4/Y2411] | 在馆 |